| 000 | 00519cam a2200181ua 4500 | ||
|---|---|---|---|
| 001 | 1469 | ||
| 008 | 110709n ii |||gr||||Z||||||asm | ||
| 040 | _cMAIN | ||
| 082 | _a320.011 | ||
| 100 |
_aBaruah, Apurba Kr., _eAuthor. |
||
| 245 | 1 |
_arajnaitik tatva aru rajniti bigyanr dharanahamuh _cby Apurba kr. Baruah |
|
| 250 | _a4th. | ||
| 260 |
_aGuahati: _bPurbanshal Prakashan,989. |
||
| 300 |
_a252p: _c23cm. |
||
| 653 | _aPolitical science | ||
| 653 | _arajnaitik tatva aru rajniti bigyanar dharanahamuh | ||
| 942 | _cBK | ||
| 999 |
_c1358 _d1358 |
||